| 000 | 00601nam a2200181Ia 4500 | ||
|---|---|---|---|
| 005 | 20250508151017.0 | ||
| 008 | 008 250505s9999 xx 000 0 eng d | ||
| 037 | _aTextual | ||
| 040 |
_aFEDL _beng _cFEDL |
||
| 041 |
_aeng _2eng |
||
| 084 |
_a375, NAT _qFEDL |
||
| 245 | 0 | _aCurriculum of the secondary school: Report of a consultative committee appointed by the executive of the national union of teachers | |
| 260 |
_aLondon, UK _bEvans Brothers Limited _c1952 |
||
| 300 | _a142p. | ||
| 490 | _aNational union of teachers | ||
| 942 |
_cTEXL _h375, NAT |
||
| 999 |
_c1327029 _d1327029 |
||